| 000 | 00842 a2200193 4500 | ||
|---|---|---|---|
| 003 | Nust | ||
| 005 | 20170207153406.0 | ||
| 010 | _a76904356 | ||
| 040 | _cNust | ||
| 082 | _a355.02 | ||
| 100 | _aDalvi, J. P. | ||
| 245 |
_aHimalayan blunder; _bthe curtain-raiser to the Sino-Indian War of 1962 _cJ. P. Dalvi. Foreword by Frank Moraes |
||
| 260 |
_aThacker _bBombay _c1969 |
||
| 300 |
_axxi, 506 p _billus _ccol. maps (part fold.), _eports _f23 cm |
||
| 505 | _aPart.1 -The Years of Credulity and Negligence (Page-1)part.2- The Fateful Year -1962(Page-107) part.3- On to The Namka CHU (Page-165) Part.4- The End of Make-Believe at the Namka CHU River (Page-307) Part.6- The Reason Why (Page-397) | ||
| 538 | _aAlmirah No.52, Shelf No.6 | ||
| 600 | _aDalvi, J. P. | ||
| 650 | _aHimalayan blunder; the curtain-raiser to the Sino-Indian War of 1962 | ||
| 942 |
_2ddc _cBK |
||
| 999 |
_c185174 _d185174 |
||